000 00771nam a22002417a 4500
005 20170124110053.0
010 _aA-760406
020 _c00.00
_a8172244304
035 _aA-760406
037 _bCen Lib/Ret
040 _aDPL
_bEN
082 _a658.3124
_bHAR
100 _aHaringham, Alison
_925927
245 _aTeamwork in practice :
_cby Alison Hardingham [and] Jenny Royal
_bPulling together /
260 _aMumbai
_bJaico Publishing House
_c1995
270 _a121, M. G. Road
_bMumbai
_e400001
300 _avi,190p. :
_c21cm(Hb)
_bill.
500 _aIncludes bibliographical references and index
650 _aTeammanagement
_925928
650 _aTeams
_925929
700 _a Royal, Jenny
_925930
942 _2ddc
_cEN
_h658.3124
_mHAR
999 _c129284
_d129284